000 00288 a2200097 4500
001 31556
100 _aAhsen Muhammad Chaudhri
245 _aPakistan and the Great Powers: A Study of Pakistan's Foreign Policy 1954-70 v 42
260 _aKarachi
_bRoyal Book Co
_c
090 _c21412
_d21412
942 _aNUST-CAE
_cM
_c12684
999 _c266629
_d266629